A dictionary of devotions / (Record no. 8440)

MARC details
000 -LEADER
fixed length control field 00615nac a22001931u 4500
010 ## - LIBRARY OF CONGRESS CONTROL NUMBER
LC control number 94145486
020 ## - INTERNATIONAL STANDARD BOOK NUMBER
International Standard Book Number 0860121798 :
082 ## - DEWEY DECIMAL CLASSIFICATION NUMBER
Classification number 242.03
Item number WAL
090 ## - LOCALLY ASSIGNED LC-TYPE CALL NUMBER (OCLC); LOCAL CALL NUMBER (OCLC)
-- 8440
-- 8440
100 ## - MAIN ENTRY--PERSONAL NAME
Personal name Walsh, Michael J.,
245 12 - TITLE STATEMENT
Title A dictionary of devotions /
Statement of responsibility, etc Michael Walsh.
260 ## - PUBLICATION, DISTRIBUTION, ETC. (IMPRINT)
Place of publication, distribution, etc [England] :
Name of publisher, distributor, etc Burns & Oates,1993
Date of publication, distribution, etc 1993.
300 ## - PHYSICAL DESCRIPTION
Extent 366 p.
Dimensions 24 cm.
500 ## - GENERAL NOTE
General note ATTN: L.C. has U.S. ed., See 91-55417
504 ## - BIBLIOGRAPHY, ETC. NOTE
Bibliography, etc bibliography p.:317-321 and index
511 ## - PARTICIPANT OR PERFORMER NOTE
Participant or performer note catalogued by: wessam
650 ## - SUBJECT ADDED ENTRY--TOPICAL TERM
Topical term or geographic name as entry element Devotional exercises
General subdivision Dictionaries
942 ## - ADDED ENTRY ELEMENTS (KOHA)
Item type Book - Borrowing
Call number prefix 242.03WAL
Holdings
Withdrawn status Item status Damaged status Not for loan Home library Current library Shelving location Date acquired Source of acquisition Total Checkouts Total Renewals Full call number Barcode Date last seen Date last borrowed Koha item type
        Central Library Central Library Lower Floor 09/03/2008 Purchase 1 1 242.03WAL 000009848 20/04/2026 18/01/2024 Book - Borrowing